| 000 | 00452nmm a2200157Ia 4500 | ||
|---|---|---|---|
| 008 | 251105s9999||||xx |||||||||||||||||und|| | ||
| 020 | _a9789871007349 | ||
| 041 | _aspa | ||
| 100 | _aMuñoz, Héctor | ||
| 245 | 0 | _aSanar el corazón | |
| 264 |
_a[Buenos Aires, Argentina] : _bEditorial Sb, _c2009 |
||
| 300 | _a93 páginas | ||
| 650 | _aSelf-help and personal development | ||
| 856 | _uhttps://public.digitaliapublishing.com/a/133822 | ||
| 942 | _cCF | ||
| 999 |
_c97166 _d97166 |
||